LEADER 00858cam0-22003011i-450- 001 990001601720403321 005 20100611095645.0 035 $a000160172 035 $aFED01000160172 035 $a(Aleph)000160172FED01 035 $a000160172 100 $a20030910d1936----km-y0itay50------ba 101 0 $aita 102 $aIT 200 1 $a<>guerra d'Etiopia$fPietro Badoglio$gcon prefazione del Duce 205 $a5. ed. 210 $aMilano$cMondadori$d1936 215 $aXIX, 249 p.$cill.$d25 cm$e1 all. 610 0 $aGuerra italo-etiopica <1935-1936> 676 $a963.056$v19$zita 700 1$aBadoglio,$bPietro$f<1871-1956>$067982 801 0$aIT$bUNINA$gREICAT$2UNIMARC 901 $aBK 912 $a990001601720403321 952 $a60 325.3 B 3$b14113/14$fFAGBC 959 $aFAGBC 996 $aGuerra d'Etiopia$9168933 997 $aUNINA LEADER 01401nam2 2200361 450 001 000029193 005 20160609130215.0 010 $a978-88-299-2087-7 100 $a20111025d2010----km-y0itaa50------ba 101 0 $aita 102 $aIT 200 1 $aBiochimica clinica generale 205 $a2. ed.$fa cura di Lauro Galzigna, Mario Plebani 210 $aPadova$cPiccin$d2010 215 $aXVI, 760 p.$cill.$d28 cm. 461 1$1001000026949$12001$aTrattato italiano di medicina di laboratorio$v1 606 1 $aElettronica$xApplicazioni alla medicina 606 2 $aEziologia 606 2 $aAnalisi mediche 676 $a612.015$v(22. ed.)$9Fisiologia umana. Biochimica 676 $a616.071$v(22. ed.)$9Patologia. Eziologia 702 1$aGalzigna,$bLauro 702 1$aPlebani,$bMario 801 0$aIT$bUniversità della Basilicata - B.I.A.$gRICA$2unimarc 912 $a000029193 996 $aBiochimica clinica generale$996181 997 $aUNIBAS BAS $aFARMACIA CAT $aTTM$b30$c20111025$lBAS01$h1501 CAT $aTTM$b30$c20160609$lBAS01$h1302 FMT Z30 -1$lBAS01$LBAS01$mBOOK$1BASA2$APolo Tecnico-Scientifico$2DID$BDidattica$3PTS.d1.114567$6114567$5T114567$820160609$e3773-4038$f04$FPrestabile Didattica Z30 -1$lBAS01$LBAS01$mBOOK$1BASA2$APolo Tecnico-Scientifico$2DID$BDidattica$3PTS.s4.p43.17$6110318$5T110318$820111025$e3773-4038$f98$FConsultazione